Most Viewed Cities on Wikipedia - Statistics

General Stats
  • This quiz has been taken 73 times
  • The average score is 19 of 31
Answer Stats
City Views % Correct
Paris 41 M
97%
New York 88 M
95%
Rome 31 M
95%
London 70 M
94%
Tokyo 29 M
90%
Los Angeles 48 M
89%
Berlin 25 M
84%
Singapore 74 M
79%
Chicago 41 M
77%
Hong Kong 58 M
77%
Shanghai 23 M
77%
Toronto 30 M
77%
San Francisco 34 M
71%
Istanbul 25 M
69%
Washington DC 43 M
69%
Boston 26 M
65%
Mumbai 35 M
65%
Amsterdam 26 M
61%
Barcelona 25 M
61%
Jerusalem 26 M
56%
Dubai 48 M
55%
Vatican City 24 M
50%
Philadelphia 29 M
47%
Seattle 25 M
47%
Monaco 30 M
44%
Vancouver 24 M
44%
Venice 23 M
35%
Macau 23 M
31%
Pompeii 23 M
10%
Machu Picchu 28 M
5%
Angelsberg 44 M
0%
No matching quizzes found
Score Distribution
Percent of People with Each Score
Percentile by Number Answered
Your Score History
You have not taken this quiz